| 000 | 00919nam a22002297a 4500 | ||
|---|---|---|---|
| 999 |
_c6886 _d6886 |
||
| 003 | AR-CdUCM | ||
| 008 | 190319b ||||| |||| 00| 0 spa d | ||
| 040 |
_aMUNICIPALIDAD PROVINCIAL DEL CUSCO _cBIBLIOTECA MUNICIPAL DEL CUSCO |
||
| 041 | _heng | ||
| 082 |
_a625.71 / _bJ76 |
||
| 100 |
_aJones, John Hugh, _919404 |
||
| 245 | _aProyecto geomético de carreteras modernas / | ||
| 260 |
_aMéxico D. F : _bEdit. Continental, _c1963. |
||
| 500 | _aTitulo original : The geometric design of modern highways | ||
| 505 | _aDiscusión sobre los puntos obligados -- Elementos del Proyecto -- Elementos de la sección transversal -- Dispositivos para el control del transito -- Elementos para el proyecto de los entronques... | ||
| 650 |
_aGeometría _919405 |
||
| 650 |
_aCarrtereas _919406 |
||
| 650 |
_aIngeniería _910043 |
||
| 700 |
_aLepe, Jose Luis (Traductor) _919407 |
||
| 942 |
_2ddc _cLIBROS |
||
| 945 | _awnts | ||